LEADER 01280nam0-22004211i-450- 001 990005541630203316 005 20060314120000.0 035 $a000554163 035 $aUSA01000554163 035 $a(ALEPH)000554163USA01 035 $a000554163 100 $a20051129d2005-------|0enac50------ba 101 $aeng 102 $aUS 105 $a|||| ||||| 200 1 $aMatrix algebra$fKarim M. Abadir, Jan R. Magnus 210 $aCambridge [etc.]$cCambridge University Press$d2005 215 $axxx, 434 p.$d26 cm. 225 2$aEconometric exercises$v1 410 1$12001$aEconometric exercises$v1 606 $aMatrici (Matematica)$2FI 620 $dCambridge 676 $a512.9434$cMatrici$v21 700 1$aABADIR,$bKarim M.$0299065 701 1$aMAGNUS,$bJan R.$0101872 712 $aCambridge University Press 801 $aIT$bSOL$c20120104 912 $a990005541630203316 950 $aDIP.TO SCIENZE ECONOMICHE - (SA)$dDS 500 512.9434 ABA$e12667 DISES 951 $aDIP.TO SCIENZE ECONOMICHE - (SA)$bDS2005 1F 20051129 951 $a500 512.9434 ABA$b12667 DISES 959 $aBK 969 $aDISES 979 $c20121027$lUSA01$h1533 979 $c20121027$lUSA01$h1613 996 $aMatrix algebra$9742777 997 $aUNISA NUM $aUSA16531 LEADER 01650oam 2200421M 450 001 9910716500103321 005 20200213070903.8 035 $a(CKB)5470000002521139 035 $a(OCoLC)1065594327 035 $a(OCoLC)995470000002521139 035 $a(EXLCZ)995470000002521139 100 $a20071213d1927 ua 0 101 0 $aeng 135 $aurcn||||||||| 181 $ctxt$2rdacontent 182 $cc$2rdamedia 183 $acr$2rdacarrier 200 10$aDetach Okfuskee County from northern district of Oklahoma and attach same to eastern district. February 23, 1927. -- Referred to the House Calendar and ordered to be printed 210 1$a[Washington, D.C.] :$c[U.S. Government Printing Office],$d1927. 215 $a1 online resource (1 page) 225 1 $aHouse report / 69th Congress, 2nd session. House ;$vno. 2224 225 1 $a[United States congressional serial set] ;$v[serial no. 8689] 300 $aBatch processed record: Metadata reviewed, not verified. Some fields updated by batch processes. 300 $aFDLP item number not assigned. 606 $aJudicial districts 608 $aLegislative materials.$2lcgft 615 0$aJudicial districts. 701 $aYates$b Richard$f1860-1936$pRepublican (IL)$01386170 801 0$bWYU 801 1$bWYU 801 2$bOCLCO 801 2$bOCLCQ 801 2$bOCLCO 801 2$bOCLCQ 906 $aBOOK 912 $a9910716500103321 996 $aDetach Okfuskee County from northern district of Oklahoma and attach same to eastern district. February 23, 1927. -- Referred to the House Calendar and ordered to be printed$93451670 997 $aUNINA